Score 0/12 Timer 03:00
0 Plays Today
Category Nickname/Name % Correct
MammalHippo
60.7%
ExtinctDino
53.6%
MammalRhino
46.4%
ReptileCroc
46.4%
MammalPooch
42.9%
ReptileGator
42.9%
MammalPuss
39.3%
MammalCoon
35.7%
ExtinctT-Rex
25%
BirdPecker
25%
BirdCock
21.4%
InsectRoach
17.9%
Remove Ads.
Support Sporcle.
Get the best of Sporcle when you Go Orange. This ad-free experience offers more features, more stats, and more fun while also helping to support Sporcle. Thank you for becoming a member.

You're not logged in!

Compare scores with friends on all Sporcle quizzes.
OR
Log In

Show Comments

Extras

Top Quizzes Today


Score Distribution

Your Account Isn't Verified!

In order to create a playlist on Sporcle, you need to verify the email address you used during registration. Go to your Sporcle Settings to finish the process.

Report this User

Report this user for behavior that violates our Community Guidelines.

Details: